000 00499nam a22001937a 4500
003 MPLRDC
005 20220104172833.0
008 210129b ||||| |||| 00| 0 eng d
020 _a983-9839-39-X
082 _a567.21 CHU-3 1996 c.2
100 _aGOH CHEN CHUAN
245 _aHOW TO SOLVE YOUR INCOME TAX PROBLEMS
_c
250 _a初版
260 _a
_bLEEDS PUBLICATIONS
_c1996
300 _b
490 _aCOMPREHENSIVE GUIDE SERIES
650 _a
942 _cBK
_o567.21 CHU-3 1996 c.2
999 _c59135
_d59125